00815nam a2200241 a 4500001001000000003000900010005001700019007001000036008004100046020001500087040002200102082002300124100002100147245008700168250001200255260004200267300002600309490003000335504005000365600004700415650004100462651007000503000004538DO-SdBNP20180321154305.0000004538090723s2006 dr a 001 0 spa d a9993410403 aBPMSUbspacBPMSU a923.2bN964C, 20061 aCassá, Roberto10aJosé Núñez de Cáceres :bprecursor de la independencia /cRoberto Cassá. a2a. ed. aSanto Domingo :bAlfa y Omega,c2006. a49 p. :bil. c21 cm. aBiografías Dominicanas  aIncluye referencias bibliográficas (p. 49-)14aNÚÑEZ DE CÁCERES, JOSÉ,d1772-1846 4aREPÚBLICA DOMINICANAxBIOGRAFÍAS 4aREPÚBLICA DOMINICANAxHISTORIAyOCUPACIÓN HAITIANA, 1922-1844